LEADER 01314nam a2200313 a 4500 001 000000175918 003 CaOOAMICUS 005 20230612113809.0 008 230612s2004 it 000 u ita r 020 $a978-88-01-02897-3 032 $aLibriCat 040 $aPUL$bita 082 14$a297 110 0 $aCentro Federico Peirone.$0(OLS)http://pul/name/113030 245 12$aL'Islam :$bstoria, dottrina, rapporti con il cristianesimo /$cCentro Federico Peirone. 260 $aLeumann (TO) :$bElledici,$c©2004. 300 $a301 p. ;$c24 cm. 504 $aBibliografia in nota a piè pagina. 650 4$aIslamismo e altre religioni$xCristianesimo.$0(OLS)http://pul/subject/2264 650 4$aIslam$xDottrine.$0(OLS)http://pul/subject/35404 650 4$aIslam$xStoria.$0(OLS)http://pul/subject/12613 850 $aPUL 852 $aPUL$W1$xSL Religione 3$y85$m297 CEFEP 1$j200083$qDDC 21$B204864$CPULBib$Z2$F204864 $H136304 $82 941 1 $a9 996 $6020$a978-88-01-02897-3$9(OLS)http://pul/number/169158 996 $6082$a297$9(OLS)http://pul/classification/742 996 $6245$aL'Islam :$bstoria, dottrina, rapporti con il cristianesimo$9(OLS)http://pul/title/217398 996 $6260$aLeumann (TO) :$bElledici$9(OLS)http://pul/publisher/79122 LEADER 01010naa a2200217 u 4500 001 000000103687 003 CaOOAMICUS 005 20070226130217.0 008 061121s1974 it u000 u fre u 035 $a11107695 040 $aIAR$bita 100 1 $aRoey, Albert van.$0(OLS)http://pul/name/388 245 13$aLa liberté du Christ dans la doctrine de Nonnus de Nisibe /$cA. van Roey. 260 $aRoma :$bPont. Institutum Orientalium Studiorum,$c1974. 300 $ap. 471-486 ;$c24 cm 500 $aIAR: CCI.651 600 04$aNonnus di Nisibi,$df. 820.$0(OLS)http://pul/subject/33057 773 0 $aSymposium syriacum 1972. 773 0 $aSymposium Syriacum.$tSymposium syriacum 1972, célebré dans les jours 26-31 October 1972 à l'Institut Pontifical Oriental de Rome : rapports et communications$g197$w()27355 996 $6245$aLa liberté du Christ dans la doctrine de Nonnus de Nisibe$9(OLS)http://pul/title/130591 996 $6260$aRoma :$bPont. Institutum Orientalium Studiorum$9(OLS)http://pul/publisher/58679